Prénoms de footballeurs n°4 - Statistiques

Statistiques générales
  • Ce quiz a été pris 148 fois
    79 depuis la dernière actualisation
  • Le résultat moyen est 11 sur 15
Statistiques - réponses
Pays Nom Prénom % Correct
Belgique Hazard Eden
100%
Royaume-Uni Foden Phil
96%
France Maignan Mike
94%
Maroc Hakimi Achraf
93%
Portugal Neves João
93%
France Vieira Patrick
88%
France Olise Michael
87%
Brésil Coutinho Philippe
87%
Nigeria Osimhen Victor
87%
Uruguay Valverde Federico
78%
Espagne Cucurella Marc
77%
Argentine Di Stefano Alfredo
67%
Cameroun Milla Roger
58%
Inde Chhetri Sunil
13%
Allemagne Thy Lennart
12%
Aucun quiz correspondant
Distribution des résultats
% des personnes avec chaque résultat
Percentile par nombre de réponses
Votre historique - résultats
Vous n’avez pas pris ce quiz depuis la dernière actualisation